High temperature superconductivity: proceedings of the thirty-ninth Scottish Univerisites Summer School in Physics, St Andrews, June 1991 ed by D P Tunstall and W Barford (Record no. 1211506)
[ view plain ]
| 000 -LEADER | |
|---|---|
| fixed length control field | 01180nam a2200325Ia 4500 |
| 003 - CONTROL NUMBER IDENTIFIER | |
| control field | OSt |
| 005 - DATE AND TIME OF LATEST TRANSACTION | |
| control field | 20221007123204.0 |
| 008 - FIXED-LENGTH DATA ELEMENTS--GENERAL INFORMATION | |
| fixed length control field | 221006b |||||||| |||| 00| 0 eng d |
| 020 ## - INTERNATIONAL STANDARD BOOK NUMBER | |
| International Standard Book Number | 0750301716 |
| 037 ## - SOURCE OF ACQUISITION | |
| Terms of availability | Textual |
| 040 ## - CATALOGING SOURCE | |
| Original cataloging agency | PAPL |
| Transcribing agency | PAPL |
| Language of cataloging | eng |
| 041 ## - LANGUAGE CODE | |
| Source of code | eng |
| Language code of text/sound track or separate title | eng |
| 100 ## - MAIN ENTRY--PERSONAL NAME | |
| Personal name | Tunstall D P Ed |
| 9 (RLIN) | 716792 |
| 111 ## - MAIN ENTRY--MEETING NAME | |
| Meeting name or jurisdiction name as entry element | Scottish Universitites Summer School in Physics^eU K^gSt Andrews^1June 1991 |
| 9 (RLIN) | 716793 |
| 245 #0 - TITLE STATEMENT | |
| Title | High temperature superconductivity: proceedings of the thirty-ninth Scottish Univerisites Summer School in Physics, St Andrews, June 1991 ed by D P Tunstall and W Barford |
| Remainder of title | Barford W Ed |
| 260 ## - PUBLICATION, DISTRIBUTION, ETC. | |
| Place of publication, distribution, etc. | New |
| Name of publisher, distributor, etc. | York Adam Hilger |
| Date of publication, distribution, etc. | 1991 |
| 300 ## - PHYSICAL DESCRIPTION | |
| Extent | 404p |
| Dimensions | cm. |
| 490 ## - SERIES STATEMENT | |
| Series statement | Scottish Universities summer school in physics; 39 |
| 650 ## - SUBJECT ADDED ENTRY--TOPICAL TERM | |
| Topical term or geographic name entry element | High temperature |
| 9 (RLIN) | 716794 |
| 650 ## - SUBJECT ADDED ENTRY--TOPICAL TERM | |
| Topical term or geographic name entry element | International Conference |
| 9 (RLIN) | 716795 |
| 650 ## - SUBJECT ADDED ENTRY--TOPICAL TERM | |
| Topical term or geographic name entry element | Superconductivity |
| 9 (RLIN) | 642647 |
| 650 ## - SUBJECT ADDED ENTRY--TOPICAL TERM | |
| Topical term or geographic name entry element | Physics |
| 700 ## - ADDED ENTRY--PERSONAL NAME | |
| Personal name | Barford W Ed |
| 9 (RLIN) | 716796 |
| 942 ## - ADDED ENTRY ELEMENTS (KOHA) | |
| Classification part | C9D8,23p1,N91, N1 |
| Koha item type | Textual |
| Source of classification or shelving scheme | Colon Classification (CC) |
| Withdrawn status | Lost status | Source of classification or shelving scheme | Damaged status | Not for loan | Home library | Current library | Date acquired | Total Checkouts | Full call number | Barcode | Date last seen | Price effective from | Koha item type |
|---|---|---|---|---|---|---|---|---|---|---|---|---|---|
| Colon Classification (CC) | Department of Physics and Astrophysics Library | Department of Physics and Astrophysics Library | 2022-10-07 | C9D8,23p1,N91 N1 | PA0005020 | 2022-10-07 | 2022-10-07 | Textual |
